00354nam a2200133 a 45000010010000000030011000100080041000210350026000620820014000881000023001022450024001252600049001496500022001980000-9390ELIB.Books110520 1974  a(ELIB.Books)0000-9542 a269 bRav aRavenhill, Leonard aWhy Revival Torries bMinneapolis: Bethany House Publishers c1974 aSpiritual Renewal